000 00875nam a2200241 a 4500
001 000024436
005 20260401122839.0
008 110127s1969 sp r 000 0 spa d
040 _aDO-SdBNP
_bspa
_cBNPHU
082 _a331.2596
_bS129d
100 1 _aSagardoy Bengoechea, Juan Antonio
_950098
245 1 0 _aEl despido laboral y los expedientes de crisis /
_cJuan Antonio Sagardoy Bengoechea.
260 _aBilbao, (España) :
_bEdiciones Deusto,
_c1969.
300 _a259 p. :
_bil. ;
_c22 cm.
500 _aIncluye apéndice legislativo sobre crisis de trabajo y formularios
500 _aIncluye notas al pie de las páginas
504 _aIncluye referencias bibliográficas
650 0 _aEmpleados
_xDespido
_950099
650 4 _aSistemas de despido
_950100
650 4 _aSuspención de empleados
_950101
650 0 _aContratos de trabajo
_916459
049 _aBNGR
999 _c23929
_d23929